[Event "Quebec op"]
[Site "Montreal CAN"]
[Date "1998.07.28"]
[Round "5"]
[White "Prahov, Valentin"]
[Black "Tyomkin, Dimitri"]
[Result "0-1"]
[WhiteElo "2235"]
[BlackElo "2465"]
[PlyCount "164"]
[GameId "2160767911872551"]
[EventDate "1998.07.25"]
[EventType "swiss"]
[EventRounds "9"]
[EventCountry "CAN"]
[SourceTitle "EXT 2022"]
[Source "ChessBase"]
[SourceDate "2021.10.06"]
[SourceVersion "1"]
[SourceVersionDate "2021.10.06"]
[SourceQuality "1"]

1. e4 c5 2. Nf3 d6 3. d4 cxd4 4. Nxd4 Nf6 5. Nc3 Nc6 6. Be2 e5 7. Nf3 h6 8. O-O Be7 9. Re1 O-O 10. h3 Be6 11. Bf1 Nb8 12. Nd5 Nxd5 13. exd5 Bf5 14. Be3 a5 15. c4 Nd7 16. b3 Bh7 17. a3 f5 18. b4 Bf6 19. bxa5 f4 20. Bb6 Nxb6 21. axb6 e4 22. Nd4 Qxb6 23. c5 Qxc5 24. Ne6 Qa7 25. Nxf8 Rxf8 26. Ra2 e3 27. Kh1 exf2 28. Re6 Qc5 29. Qf3 Bd4 30. a4 Bf5 31. Re7 Qc1 32. Rxf2 Bxf2 33. Qxf2 Qa1 34. Kh2 Qxa4 35. Rxb7 Qe4 36. Qf3 Qe5 37. Rb4 Bg6 38. Be2 Kh7 39. Bd3 Bxd3 40. Qxd3+ Qf5 41. Qf3 Rf7 42. Rb6 Qe5 43. Qd3+ g6 44. Qf3 g5 45. Qd3+ Kg7 46. Qf3 h5 47. Rb4 Kh6 48. Qe4 Rf5 49. Qxe5 Rxe5 50. Rd4 h4 51. Kg1 Kg6 52. Kf2 Kf5 53. Kf3 Re3+ 54. Kf2 Ke5 55. Rd1 Ke4 56. Rd2 Rd3 57. Re2+ Kf5 58. Re8 Rxd5 59. Kf3 Rd3+ 60. Kf2 d5 61. Rf8+ Ke4 62. Re8+ Kd4 63. Rg8 Rg3 64. Rd8 Kc4 65. Rc8+ Kd3 66. Rd8 d4 67. Rd7 Kc3 68. Rc7+ Kd2 69. Rd7 d3 70. Rc7 Kd1 71. Rc8 d2 72. Rc5 Rb3 73. Rc8 Rb2 74. Rc7 Rc2 75. Ra7 Kc1 76. Ra1+ Kb2 77. Rd1 Kc3 78. Ke2 Ra2 79. Rf1 Ra8 80. g3 Re8+ 81. Kd1 hxg3 82. h4 Re1+ 0-1

[Event "Quebec op"]
[Site "Montreal CAN"]
[Date "1998.07.28"]
[Round "5"]
[White "Regnier, Alain"]
[Black "Wolrich, Charles"]
[Result "1-0"]
[WhiteElo "1977"]
[BlackElo "2203"]
[PlyCount "61"]
[GameId "2160767911872552"]
[EventDate "1998.07.25"]
[EventType "swiss"]
[EventRounds "9"]
[EventCountry "CAN"]
[SourceTitle "EXT 2022"]
[Source "ChessBase"]
[SourceDate "2021.10.06"]
[SourceVersion "1"]
[SourceVersionDate "2021.10.06"]
[SourceQuality "1"]

1. e4 e6 2. d4 d5 3. Nc3 Bb4 4. e5 Qd7 5. Bd3 b6 6. Nge2 Ba6 7. Bxa6 Nxa6 8. O-O Ne7 9. Qd3 Nb8 10. Nd1 Nf5 11. Ne3 Nxe3 12. Bxe3 Be7 13. f4 c5 14. c3 g6 15. g4 h5 16. f5 Rg8 17. Kh1 c4 18. Qd2 hxg4 19. fxe6 fxe6 20. Nf4 Bg5 21. Qg2 Nc6 22. Nxd5 Qxd5 23. Qxd5 exd5 24. Bxg5 Rh8 25. Rf6 Rc8 26. Rg1 Rc7 27. Rxg4 Nd8 28. Rd6 Nf7 29. Rxg6 Rh3 30. Bh4 Rd3 31. e6 1-0

[Event "Quebec op"]
[Site "Montreal CAN"]
[Date "1998.07.28"]
[Round "5"]
[White "Sarwer, Jeff"]
[Black "Gagnon, Michel"]
[Result "0-1"]
[WhiteElo "2264"]
[BlackElo "2129"]
[PlyCount "54"]
[GameId "2160767911872553"]
[EventDate "1998.07.25"]
[EventType "swiss"]
[EventRounds "9"]
[EventCountry "CAN"]
[SourceTitle "EXT 2022"]
[Source "ChessBase"]
[SourceDate "2021.10.06"]
[SourceVersion "1"]
[SourceVersionDate "2021.10.06"]
[SourceQuality "1"]

1. d4 d5 2. c4 e6 3. Nc3 Nf6 4. Nf3 Be7 5. Bg5 O-O 6. e3 h6 7. Bh4 Ne4 8. Bxe7 Qxe7 9. Qc2 Nxc3 10. bxc3 dxc4 11. Bxc4 Nd7 12. O-O b6 13. Rfe1 Bb7 14. e4 c5 15. h3 Rfc8 16. Qb3 Nf6 17. Nd2 Rcb8 18. a4 cxd4 19. cxd4 Rd8 20. e5 Nh7 21. Qe3 Rac8 22. Rec1 Qd7 23. Nb3 Rxc4 24. Rxc4 Qd5 25. f3 Qxc4 26. Rc1 Qd5 27. a5 Nf8 0-1

[Event "Quebec op"]
[Site "Montreal CAN"]
[Date "1998.07.29"]
[Round "5"]
[White "Archangelsky, Mikhail"]
[Black "Desjardins, Andre"]
[Result "0-1"]
[WhiteElo "2275"]
[BlackElo "2005"]
[PlyCount "74"]
[GameId "2160767911872554"]
[EventDate "1998.07.25"]
[EventType "swiss"]
[EventRounds "9"]
[EventCountry "CAN"]
[SourceTitle "EXT 1999"]
[Source "ChessBase"]
[SourceDate "1998.11.10"]
[SourceVersion "1"]
[SourceVersionDate "1998.11.10"]
[SourceQuality "1"]

1. d4 Nf6 2. Nf3 g6 3. g3 Bg7 4. Bg2 O-O 5. O-O d6 6. Nc3 Nc6 7. d5 Nb8 8. Nd4 Bd7 9. e4 c5 10. Nde2 b5 11. a4 b4 12. Nb1 a5 13. Nd2 Bc8 14. c4 Ra7 15. Nf4 Nbd7 16. Nd3 Nb6 17. Ra2 Ng4 18. b3 Ne5 19. Ne1 Ba6 20. Qe2 e6 21. f4 Ned7 22. Bb2 Bxb2 23. Rxb2 exd5 24. exd5 Nf6 25. Nd3 Re7 26. Qf2 Bc8 27. Re1 Ng4 28. Qf3 Rfe8 29. Rbb1 Re3 30. Qf1 Bf5 31. Nf2 Bxb1 32. Rxe3 Nxe3 33. Qxb1 Nxg2 34. Kxg2 f5 35. Qb2 Re2 36. Kf3 Qe7 37. Nd1 Re1 0-1

[Event "Quebec op"]
[Site "Montreal CAN"]
[Date "1998.07.29"]
[Round "5"]
[White "Drozdov, Igor"]
[Black "Gardner, Robert"]
[Result "1-0"]
[WhiteElo "2440"]
[BlackElo "2180"]
[PlyCount "99"]
[GameId "2160767911872555"]
[EventDate "1998.07.25"]
[EventType "swiss"]
[EventRounds "9"]
[EventCountry "CAN"]
[SourceTitle "EXT 1999"]
[Source "ChessBase"]
[SourceDate "1998.11.10"]
[SourceVersion "1"]
[SourceVersionDate "1998.11.10"]
[SourceQuality "1"]

1. e4 c5 2. Nf3 d6 3. d4 cxd4 4. Nxd4 Nf6 5. Nc3 a6 6. a4 g6 7. Be2 Bg7 8. Nb3 Nc6 9. O-O O-O 10. Bg5 Be6 11. Kh1 Rc8 12. f4 Na5 13. Nxa5 Qxa5 14. Bd3 h6 15. Bh4 Bg4 16. Qe1 Qh5 17. f5 g5 18. Bg3 Nd7 19. h3 Ne5 20. Bh2 Nf3 21. Rxf3 Bxf3 22. Qf2 Qxh3 23. Qxf3 Qxf3 24. gxf3 Bxc3 25. bxc3 Rxc3 26. a5 Rd8 27. Bg1 e5 28. Bf2 Kg7 29. Be1 Rcc8 30. c4 Kf6 31. Bf2 Rd7 32. Rb1 Ke7 33. Bb6 Kf6 34. Kg2 h5 35. Be2 Ke7 36. Rh1 h4 37. Kf2 f6 38. Ke3 Rh8 39. Bd1 Kf8 40. Rh2 Rdh7 41. Kf2 Ke7 42. Kg1 Rc8 43. Bb3 Rch8 44. Rd2 h3 45. Kh2 Rh4 46. c5 dxc5 47. Bxc5+ Ke8 48. Ba4+ Kf7 49. Rd7+ Ke8 50. Bd6 1-0

[Event "Quebec op"]
[Site "Montreal CAN"]
[Date "1998.07.29"]
[Round "5"]
[White "Gligoric, Svetozar"]
[Black "Leveille, Francois"]
[Result "1/2-1/2"]
[WhiteElo "2480"]
[BlackElo "2295"]
[PlyCount "93"]
[GameId "2160767911872556"]
[EventDate "1998.07.25"]
[EventType "swiss"]
[EventRounds "9"]
[EventCountry "CAN"]
[SourceTitle "EXT 1999"]
[Source "ChessBase"]
[SourceDate "1998.11.10"]
[SourceVersion "1"]
[SourceVersionDate "1998.11.10"]
[SourceQuality "1"]

1. d4 d5 2. Nf3 c6 3. c4 Nf6 4. Nc3 dxc4 5. a4 Na6 6. e4 Bg4 7. Bxc4 e6 8. O-O Nb4 9. Be3 Be7 10. Be2 O-O 11. a5 b5 12. axb6 axb6 13. Qb3 Bh5 14. Rac1 Qb8 15. e5 Nd7 16. Ne4 Rc8 17. Bg5 Bf8 18. Bd2 Nd5 19. Ng3 Bg6 20. Nh4 c5 21. Nxg6 hxg6 22. Bf3 cxd4 23. Rxc8 Qxc8 24. Bxd5 Nc5 25. Qc4 exd5 26. Qxd4 Qe8 27. Be3 Rd8 28. Ne2 Ne6 29. Qxb6 Rb8 30. Qa5 Rxb2 31. Nd4 Nc5 32. Nf3 Rb5 33. Qd2 Ne6 34. Qd3 Bc5 35. h3 Bxe3 36. fxe3 Qb8 37. Nd4 Rb6 38. Nf3 Rb3 39. Qxd5 Rxe3 40. Ra1 Qb6 41. Kh2 Qb4 42. Qa8+ Qf8 43. Qc6 Ra3 44. Rb1 Ra8 45. Qe4 Rd8 46. Rb6 Qe7 47. Qg4 1/2-1/2

[Event "Quebec op"]
[Site "Montreal CAN"]
[Date "1998.07.29"]
[Round "5"]
[White "Hua, Lefong"]
[Black "Linskiy, Oleg"]
[Result "1/2-1/2"]
[WhiteElo "2250"]
[BlackElo "2375"]
[PlyCount "68"]
[GameId "2160767911872559"]
[EventDate "1998.07.25"]
[EventType "swiss"]
[EventRounds "9"]
[EventCountry "CAN"]
[SourceTitle "EXT 1999"]
[Source "ChessBase"]
[SourceDate "1998.11.10"]
[SourceVersion "1"]
[SourceVersionDate "1998.11.10"]
[SourceQuality "1"]

1. c4 e5 2. g3 c6 3. d4 exd4 4. Qxd4 Nf6 5. Nc3 d5 6. Bg5 Be7 7. cxd5 cxd5 8. Bg2 Nc6 9. Qa4 O-O 10. Nf3 h6 11. Bxf6 Bxf6 12. Rd1 Be6 13. O-O Qe7 14. e3 Bxc3 15. bxc3 Qc5 16. Rc1 b5 17. Qc2 Rac8 18. Qb2 a6 19. Rfd1 Bg4 20. h3 Bf5 21. Nd4 Be4 22. Nxc6 Rxc6 23. Rd4 Qe7 24. Bxe4 dxe4 25. Qb4 Qe6 26. a4 Rfc8 27. axb5 axb5 28. Rxe4 Qxh3 29. Qxb5 Rxc3 30. Re8+ Kh7 31. Rxc3 Rxc3 32. Qb1+ g6 33. Qb2 Qd7 34. Qxc3 Qxe8 1/2-1/2

[Event "Quebec op"]
[Site "Montreal CAN"]
[Date "1998.07.29"]
[Round "5"]
[White "Nataf, Igor A"]
[Black "Kosic, Dragan"]
[Result "1/2-1/2"]
[WhiteElo "2485"]
[BlackElo "2500"]
[PlyCount "51"]
[GameId "2160767911872561"]
[EventDate "1998.07.25"]
[EventType "swiss"]
[EventRounds "9"]
[EventCountry "CAN"]
[SourceTitle "EXT 1999"]
[Source "ChessBase"]
[SourceDate "1998.11.10"]
[SourceVersion "1"]
[SourceVersionDate "1998.11.10"]
[SourceQuality "1"]

1. e4 e6 2. d4 d5 3. Nc3 dxe4 4. Nxe4 Nd7 5. Nf3 Ngf6 6. Bd3 c5 7. Nxf6+ Nxf6 8. dxc5 Bxc5 9. Qe2 O-O 10. Bg5 Qa5+ 11. c3 Be7 12. O-O h6 13. Bh4 Rd8 14. Ne5 Bd7 15. f4 Be8 16. Kh1 Rd5 17. Bc4 Bb5 18. Bxb5 Qxb5 19. c4 Qa6 20. Bxf6 Bxf6 21. Qh5 g6 22. Qxh6 Rdd8 23. Rac1 Bg7 24. Qg5 Rf8 25. Qg3 Bxe5 26. fxe5 1/2-1/2

[Event "Quebec op"]
[Site "Montreal CAN"]
[Date "1998.07.29"]
[Round "6"]
[White "Caceres Cortes, Julio"]
[Black "Stewart, Ron"]
[Result "1-0"]
[WhiteElo "1947"]
[BlackElo "1772"]
[PlyCount "85"]
[GameId "2160767911872563"]
[EventDate "1998.07.25"]
[EventType "swiss"]
[EventRounds "9"]
[EventCountry "CAN"]
[SourceTitle "EXT 2022"]
[Source "ChessBase"]
[SourceDate "2021.10.06"]
[SourceVersion "1"]
[SourceVersionDate "2021.10.06"]
[SourceQuality "1"]

1. e4 c6 2. d4 d5 3. e5 Bf5 4. g4 Bd7 5. c4 e6 6. Nc3 Bb4 7. Bd3 Ne7 8. Nge2 c5 9. a3 Bxc3+ 10. bxc3 Nbc6 11. Rb1 b6 12. O-O h5 13. gxh5 Rxh5 14. Ng3 Rh8 15. Qg4 g6 16. Bg5 Qc7 17. Bf6 Rh7 18. h4 O-O-O 19. Kg2 cxd4 20. cxd4 dxc4 21. Bxc4 Nxd4 22. f3 Nef5 23. Nxf5 Nxf5 24. Qe4 Bc6 25. Ba6+ Kb8 26. Bxd8 Bxe4 27. Bxc7+ Kxc7 28. Rfc1+ Bc6 29. Bb5 Nd4 30. Rxc6+ Nxc6 31. Rc1 Rxh4 32. Bxc6 Kd8 33. Rd1+ Kc8 34. Be4 Rf4 35. Kg3 g5 36. Rh1 f6 37. Rh7 Kb8 38. Rb7+ Kc8 39. exf6 Rxf6 40. Rxa7 e5 41. Rg7 b5 42. Rxg5 Re6 43. Bf5 1-0

[Event "Quebec op"]
[Site "Montreal CAN"]
[Date "1998.07.29"]
[Round "6"]
[White "Clement, Michel"]
[Black "Leimanis, Andris"]
[Result "1-0"]
[WhiteElo "2075"]
[BlackElo "1669"]
[PlyCount "59"]
[GameId "2160767911872564"]
[EventDate "1998.07.25"]
[EventType "swiss"]
[EventRounds "9"]
[EventCountry "CAN"]
[SourceTitle "EXT 2022"]
[Source "ChessBase"]
[SourceDate "2021.10.06"]
[SourceVersion "1"]
[SourceVersionDate "2021.10.06"]
[SourceQuality "1"]

1. e4 d5 2. exd5 Nf6 3. d4 Bg4 4. Nf3 Qxd5 5. Be2 Nc6 6. O-O O-O-O 7. c4 Qf5 8. Be3 Nb4 9. Nc3 Nc2 10. Bd3 Qh5 11. Bxc2 e5 12. Ne4 exd4 13. Nxf6 gxf6 14. Bf4 Rg8 15. Bg3 d3 16. Bb3 Qg6 17. Qd2 Bxf3 18. gxf3 h5 19. Qa5 Bd6 20. c5 Be5 21. Qxa7 c6 22. Qa8+ Kc7 23. Qa4 f5 24. Rfe1 Rde8 25. Rxe5 Rxe5 26. Qd4 Rge8 27. Kh1 f6 28. Qd6+ Kc8 29. Bxe5 Rxe5 30. Be6+ 1-0

[Event "Quebec op"]
[Site "Montreal CAN"]
[Date "1998.07.29"]
[Round "6"]
[White "Courval, Francois"]
[Black "Wolrich, Charles"]
[Result "0-1"]
[WhiteElo "1958"]
[BlackElo "2135"]
[PlyCount "76"]
[GameId "2160767911872566"]
[EventDate "1998.07.25"]
[EventType "swiss"]
[EventRounds "9"]
[EventCountry "CAN"]
[SourceTitle "EXT 2022"]
[Source "ChessBase"]
[SourceDate "2021.10.06"]
[SourceVersion "1"]
[SourceVersionDate "2021.10.06"]
[SourceQuality "1"]

1. e4 e6 2. d4 d5 3. e5 c5 4. Nf3 cxd4 5. Nxd4 Nc6 6. f4 Qb6 7. c3 Bd7 8. Qb3 Bc5 9. Qxb6 Bxb6 10. Nb5 f6 11. Nd6+ Ke7 12. b3 fxe5 13. fxe5 Nxe5 14. Ba3 Kd8 15. Nxb7+ Kc7 16. Ba6 Ng4 17. Nc5 N8f6 18. Ke2 Bxc5 19. Bxc5 Ne4 20. Ba3 Kb6 21. Bd3 Nef2 22. Re1 Nxd3 23. Kxd3 Nxh2 24. Nd2 Rae8 25. Re5 h6 26. c4 Ng4 27. Re2 Bc6 28. Rae1 e5 29. Bd6 Rd8 30. c5+ Kb7 31. a4 e4+ 32. Kd4 h5 33. Nb1 Nh6 34. Rf1 g6 35. Rf6 Nf5+ 36. Ke5 Rhe8+ 37. Re6 Rxe6+ 38. Kxe6 Nd4+ 0-1

[Event "Quebec op"]
[Site "Montreal CAN"]
[Date "1998.07.29"]
[Round "6"]
[White "Frappier, Clement"]
[Black "Soudre, Nicolas"]
[Result "0-1"]
[WhiteElo "1867"]
[BlackElo "2016"]
[PlyCount "66"]
[GameId "2160767911872567"]
[EventDate "1998.07.25"]
[EventType "swiss"]
[EventRounds "9"]
[EventCountry "CAN"]
[SourceTitle "EXT 2022"]
[Source "ChessBase"]
[SourceDate "2021.10.06"]
[SourceVersion "1"]
[SourceVersionDate "2021.10.06"]
[SourceQuality "1"]

1. d4 e6 2. c4 Nf6 3. Nc3 Bb4 4. Qc2 O-O 5. Bg5 h6 6. Bh4 b6 7. f3 d5 8. e3 Ba6 9. a3 Be7 10. b3 c5 11. Nb5 dxc4 12. Bxc4 Bxb5 13. Bxb5 a6 14. Bf1 cxd4 15. Rd1 e5 16. Qf5 Nc6 17. Bd3 g6 18. Qh3 Nd5 19. Bxe7 Qxe7 20. Qxh6 Nxe3 21. Rd2 Qxa3 22. Rd1 Nxg2+ 23. Kf2 Nf4 24. h4 Nb4 25. Kg3 Nbxd3 26. Rxd3 Nxd3 27. h5 Qd6 28. Nh3 e4+ 29. f4 Qf6 30. Rg1 Qg7 31. Qg5 gxh5 32. Kh4 Qxg5+ 33. Rxg5+ Kh7 0-1

[Event "Quebec op"]
[Site "Montreal CAN"]
[Date "1998.07.29"]
[Round "6"]
[White "Gagnon, Michel"]
[Black "Reeve, Jeff"]
[Result "1/2-1/2"]
[WhiteElo "2129"]
[BlackElo "2189"]
[PlyCount "76"]
[GameId "2160767911872568"]
[EventDate "1998.07.25"]
[EventType "swiss"]
[EventRounds "9"]
[EventCountry "CAN"]

1. d4 Nf6 2. Nf3 g6 3. Bg5 Bg7 4. Nbd2 c5 5. Bxf6 Bxf6 6. Ne4 Bxd4 7. Nxd4 cxd4 8. Qxd4 O-O 9. Nc3 Nc6 10. Qd2 b5 11. h4 b4 12. Nd5 e6 13. Nxb4 Nxb4 14. Qxb4 a5 15. Qd4 a4 16. e4 e5 17. Qd6 Bb7 18. Bd3 Re8 19. Qb4 Bc6 20. O-O-O Rb8 21. Qc5 Qc7 22. h5 g5 23. h6 Qb7 24. b3 axb3 25. axb3 Bxe4 26. Qe3 Bxd3 27. Qxd3 Qb4 28. Qf5 Qa3+ 29. Kd2 Qe7 30. Ke2 Rbd8 31. Rd5 f6 32. Rhd1 d6 33. Qd3 Qf8 34. Rxd6 Rxd6 35. Qxd6 Qxh6 36. Qc6 Qh5+ 37. Ke1 Qh1+ 38. Ke2 Qh5+ 1/2-1/2

[Event "Quebec op"]
[Site "Montreal CAN"]
[Date "1998.07.29"]
[Round "6"]
[White "Gamback, Bjorn"]
[Black "Lebeau, Gilbert"]
[Result "1-0"]
[WhiteElo "2215"]
[BlackElo "1854"]
[PlyCount "47"]
[GameId "2160767911872569"]
[EventDate "1998.07.25"]
[EventType "swiss"]
[EventRounds "9"]
[EventCountry "CAN"]

1. e4 c5 2. c3 g6 3. d4 cxd4 4. cxd4 Bg7 5. Nc3 d6 6. Be3 Nf6 7. f3 Nc6 8. Qd2 a6 9. Nge2 Bd7 10. Bh6 O-O 11. h4 b5 12. h5 e6 13. g4 Rc8 14. Rd1 Qa5 15. Bxg7 Kxg7 16. Qf4 Ng8 17. Qxd6 b4 18. hxg6 bxc3 19. bxc3 fxg6 20. Qxd7+ Nce7 21. Qxe6 Rxc3 22. Nxc3 Qxc3+ 23. Rd2 Qxf3 24. Qe5+ 1-0

[Event "Quebec op"]
[Site "Montreal CAN"]
[Date "1998.07.29"]
[Round "6"]
[White "Gilbert, Erick"]
[Black "Dumesnil, Etienne"]
[Result "1/2-1/2"]
[WhiteElo "1843"]
[BlackElo "1874"]
[PlyCount "129"]
[GameId "2160767911872570"]
[EventDate "1998.07.25"]
[EventType "swiss"]
[EventRounds "9"]
[EventCountry "CAN"]
[SourceTitle "EXT 2022"]
[Source "ChessBase"]
[SourceDate "2021.10.06"]
[SourceVersion "1"]
[SourceVersionDate "2021.10.06"]
[SourceQuality "1"]

1. d4 d5 2. c4 e6 3. Nc3 Nf6 4. Bg5 Nbd7 5. cxd5 exd5 6. Rc1 c6 7. Nf3 Bb4 8. Qb3 Ba5 9. Qa3 Qb6 10. Bd2 Bb4 11. Qb3 c5 12. a3 Bxc3 13. Qxc3 c4 14. Qb4 Qxb4 15. Bxb4 a5 16. Bc3 b5 17. g3 Nb8 18. Ne5 Ne4 19. Bg2 Bf5 20. g4 Be6 21. h3 f6 22. Nf3 Nc6 23. Ra1 O-O 24. O-O b4 25. Be1 Rab8 26. e3 c3 27. axb4 axb4 28. bxc3 bxc3 29. Rc1 Rb3 30. Nh2 Nb4 31. Bxe4 Na2 32. Bc2 Nxc1 33. Bxb3 Ne2+ 34. Kg2 Rc8 35. Bc2 Bd7 36. Nf3 Bb5 37. Rh1 Ra8 38. Ng1 Nc1 39. Bxc3 Rc8 40. Bf5 Rxc3 41. Be6+ Kf8 42. Bxd5 Nd3 43. Kg3 Nb4 44. Be4 Bd3 45. Bxd3 Nxd3 46. h4 Rc1 47. Kg2 Ke7 48. Nh3 Ne1+ 49. Kg3 Kd6 50. Nf4 g5 51. hxg5 fxg5 52. Ng2 Nd3 53. Rxc1 Nxc1 54. f4 gxf4+ 55. Nxf4 Nb3 56. Kh4 Ke7 57. Kh5 Kf7 58. Kh6 Kf6 59. Nh3 Nd2 60. Kxh7 Nf3 61. g5+ Nxg5+ 62. Nxg5 Kxg5 63. Kg7 Kf5 64. Kf7 Ke4 65. Ke6 1/2-1/2

[Event "Quebec op"]
[Site "Montreal CAN"]
[Date "1998.07.29"]
[Round "6"]
[White "Gravel, Simon jr"]
[Black "Beaulieu, Eric"]
[Result "0-1"]
[WhiteElo "1949"]
[BlackElo "2043"]
[PlyCount "92"]
[GameId "2160767911872572"]
[EventDate "1998.07.25"]
[EventType "swiss"]
[EventRounds "9"]
[EventCountry "CAN"]

1. d4 e6 2. c4 Nf6 3. Nc3 c5 4. d5 exd5 5. cxd5 d6 6. e4 g6 7. f4 Bg7 8. Bb5+ Nfd7 9. a4 O-O 10. Nf3 Na6 11. O-O Nb4 12. Re1 Nf6 13. Be3 a6 14. Bc4 Ng4 15. e5 Nxe3 16. Rxe3 Bg4 17. e6 Bd4 18. exf7+ Rxf7 19. Nxd4 Bxd1 20. Ne6 Nc2 21. Nxd8 Rxd8 22. Nxd1 Nxa1 23. Rc3 Re8 24. Rc1 Rxf4 25. Nc3 Rxc4 26. Rxa1 Rb4 27. Rb1 Re3 28. Rf1 Kg7 29. g3 Rd3 30. Rf2 Rbd4 31. Re2 Rb4 32. Kg2 Kf7 33. Kh3 b5 34. axb5 axb5 35. Rf2+ Ke7 36. Re2+ Kf7 37. Rf2+ Ke7 38. Re2+ Kd7 39. Ne4 Rxe4 40. Rxe4 Rxd5 41. Re2 Rh5+ 42. Kg2 c4 43. h3 b4 44. Rc2 Rc5 45. Kf3 c3 46. Kf4 b3 0-1

[Event "Quebec op"]
[Site "Montreal CAN"]
[Date "1998.07.29"]
[Round "6"]
[White "Henson, Joshua"]
[Black "Rosen, Matthew"]
[Result "0-1"]
[WhiteElo "2140"]
[BlackElo "1871"]
[PlyCount "76"]
[GameId "2160767911872573"]
[EventDate "1998.07.25"]
[EventType "swiss"]
[EventRounds "9"]
[EventCountry "CAN"]
[SourceTitle "EXT 2022"]
[Source "ChessBase"]
[SourceDate "2021.10.06"]
[SourceVersion "1"]
[SourceVersionDate "2021.10.06"]
[SourceQuality "1"]

1. e4 e5 2. Nf3 Nc6 3. Bb5 a6 4. Bxc6 dxc6 5. O-O Qd6 6. d3 Bg4 7. Qe2 O-O-O 8. Be3 f6 9. Nbd2 g5 10. Rfd1 Ne7 11. d4 exd4 12. Bxd4 Ng6 13. Be3 Qe6 14. h3 Bxf3 15. Qxf3 Ne5 16. Qf5 Qxf5 17. exf5 Rd5 18. Kf1 Be7 19. Ke2 Re8 20. g4 h5 21. Rg1 hxg4 22. hxg4 Rh8 23. Nf3 Nc4 24. b3 Nxe3 25. fxe3 Bc5 26. Kf2 Re8 27. Rge1 Re4 28. Kg3 Bxe3 29. Rh1 Bf4+ 30. Kf2 Bd6 31. Rh6 Rxg4 32. Rxf6 Rf4 33. Ke2 g4 34. Ng5 Re5+ 35. Kd3 Rfxf5 36. Rxf5 Rxf5 37. Ne4 Bh2 38. Rh1 g3 0-1

[Event "Quebec op"]
[Site "Montreal CAN"]
[Date "1998.07.29"]
[Round "6"]
[White "Jodoin, Pierre"]
[Black "Fillion, Steve"]
[Result "0-1"]
[WhiteElo "1818"]
[BlackElo "2143"]
[PlyCount "32"]
[GameId "2160767911872574"]
[EventDate "1998.07.25"]
[EventType "swiss"]
[EventRounds "9"]
[EventCountry "CAN"]

1. e4 d5 2. exd5 Qxd5 3. Nc3 Qa5 4. d4 Nf6 5. Nf3 Nc6 6. d5 Nb4 7. Bc4 Bg4 8. O-O O-O-O 9. Bd2 Qc5 10. Bb3 Nbxd5 11. Qe2 e6 12. Rad1 Be7 13. Ne4 Nxe4 14. Qxe4 Bf5 15. Qa4 Kb8 16. Bg5 f6 0-1

[Event "Quebec op"]
[Site "Montreal CAN"]
[Date "1998.07.29"]
[Round "6"]
[White "Luksza, Arkadiusz"]
[Black "Archangelsky, Mikhail"]
[Result "0-1"]
[WhiteElo "2087"]
[BlackElo "2360"]
[PlyCount "105"]
[GameId "2160767911872577"]
[EventDate "1998.07.25"]
[EventType "swiss"]
[EventRounds "9"]
[EventCountry "CAN"]
[SourceTitle "EXT 2022"]
[Source "ChessBase"]
[SourceDate "2021.10.06"]
[SourceVersion "1"]
[SourceVersionDate "2021.10.06"]
[SourceQuality "1"]

1. d4 d5 2. Nf3 Nf6 3. c4 c6 4. Nc3 a6 5. e3 b5 6. b3 Bg4 7. Be2 Nbd7 8. O-O e6 9. Bb2 Be7 10. Ne5 Bxe2 11. Nxe2 Nxe5 12. dxe5 Nd7 13. Nd4 Rc8 14. cxd5 cxd5 15. a4 b4 16. Qe2 Nc5 17. Rac1 O-O 18. Rc2 Qd7 19. Rfc1 Rc7 20. Nf3 Rfc8 21. Nd2 Rc6 22. Bd4 Nb7 23. Nf3 Na5 24. Qd3 Rxc2 25. Rxc2 Rxc2 26. Qxc2 Qc6 27. Qxc6 Nxc6 28. Kf1 f6 29. Ke2 Kf7 30. h3 Bd8 31. g3 Bc7 32. exf6 gxf6 33. Bc5 e5 34. Nd2 f5 35. Kd3 h5 36. Ke2 e4 37. h4 Ke6 38. Nb1 Ke5 39. Nd2 Ke6 40. Nb1 Be5 41. Kd2 d4 42. Kd1 Kd5 43. Bb6 dxe3 44. Bxe3 Nd4 45. Nd2 f4 46. gxf4 Bf6 47. Nf1 Nxb3 48. Ng3 Bxh4 49. Nxh5 Nd4 50. Ng3 Bf6 51. Kc1 Bd8 52. Kb1 Bh4 53. Bd2 0-1

[Event "Quebec op"]
[Site "Montreal CAN"]
[Date "1998.07.29"]
[Round "6"]
[White "Mahabir, Hugh"]
[Black "Gottlieb, Jonathan"]
[Result "1-0"]
[WhiteElo "2022"]
[BlackElo "1870"]
[PlyCount "124"]
[GameId "2160767911872578"]
[EventDate "1998.07.25"]
[EventType "swiss"]
[EventRounds "9"]
[EventCountry "CAN"]
[SourceTitle "EXT 2022"]
[Source "ChessBase"]
[SourceDate "2021.10.06"]
[SourceVersion "1"]
[SourceVersionDate "2021.10.06"]
[SourceQuality "1"]

1. e4 c5 2. c3 d6 3. d4 Nf6 4. Bd3 cxd4 5. cxd4 e5 6. d5 Be7 7. Nc3 O-O 8. Nge2 Nfd7 9. O-O Na6 10. Ng3 Ndc5 11. Bb1 Rb8 12. a3 Bg5 13. Bxg5 Qxg5 14. b4 Nd7 15. Nb5 Qf6 16. Nxa7 Nb6 17. Nxc8 Rbxc8 18. Bd3 Nb8 19. Rc1 Rxc1 20. Qxc1 Rc8 21. Qe3 N8d7 22. Rc1 g6 23. Rxc8+ Nxc8 24. Qc1 Qd8 25. a4 Na7 26. a5 b6 27. axb6 Qxb6 28. Qc4 Qb7 29. Nf1 Nb6 30. Qc3 Qc8 31. Qxc8+ Naxc8 32. Ne3 Kf8 33. g4 f6 34. h4 Ke7 35. Kf1 Kd7 36. Ke2 Kc7 37. Kd2 Kb7 38. Kc3 Ka7 39. g5 fxg5 40. hxg5 Kb7 41. Ng4 Nd7 42. Bb5 Nf8 43. Nf6 Kb6 44. Be8 Ne7 45. Kc4 Nc8 46. Bf7 Ne7 47. Be6 Kb7 48. Bh3 Nc8 49. Bxc8+ Kxc8 50. Kb5 Kd8 51. Kc6 Ke7 52. Ng8+ Kf7 53. Nh6+ Ke7 54. Kc7 Nd7 55. Ng8+ Ke8 56. Kxd6 Kd8 57. b5 Nb6 58. Kxe5 Nc4+ 59. Kd4 Nd2 60. f4 Nb3+ 61. Ke5 Nc5 62. Kd4 Nb3+ 1-0

[Event "Quebec op"]
[Site "Montreal CAN"]
[Date "1998.07.29"]
[Round "6"]
[White "McDonough, Jonathan"]
[Black "Bouchard, Jean-Marc"]
[Result "1/2-1/2"]
[WhiteElo "1889"]
[BlackElo "2030"]
[PlyCount "85"]
[GameId "2160767911872579"]
[EventDate "1998.07.25"]
[EventType "swiss"]
[EventRounds "9"]
[EventCountry "CAN"]
[SourceTitle "EXT 2022"]
[Source "ChessBase"]
[SourceDate "2021.10.06"]
[SourceVersion "1"]
[SourceVersionDate "2021.10.06"]
[SourceQuality "1"]

1. d4 Nf6 2. Nf3 g6 3. c4 Bg7 4. Nc3 d6 5. g3 O-O 6. Bg2 Nc6 7. O-O e5 8. h3 exd4 9. Nxd4 Nxd4 10. Qxd4 Ng4 11. Qd2 Ne5 12. b3 Be6 13. Bb2 Qd7 14. Kh2 c6 15. f4 Nxc4 16. bxc4 Bxc4 17. Ne4 d5 18. Nf6+ Bxf6 19. Bxf6 Rae8 20. Rfe1 Qe6 21. Bb2 c5 22. e3 b5 23. a3 Rd8 24. g4 g5 25. fxg5 d4 26. exd4 Qd6+ 27. Kh1 cxd4 28. Rad1 Qg3 29. Kg1 Bd5 30. Qf2 Qxf2+ 31. Kxf2 f5 32. gxf6 Rxf6+ 33. Kg3 Bxg2 34. Kxg2 Ra6 35. Rd3 Ra4 36. Re4 Rc8 37. Kf3 b4 38. Rexd4 a5 39. Rf4 bxa3 40. Rxa4 axb2 41. Rb3 Rc3+ 42. Rxc3 b1=Q 43. Rca3 1/2-1/2